000 00442nam a2200145 i 4500
001 70214
003 ES-MaACL
007 t|
008 040720s1982 sp ||||1| spa d
100 1 _aGarcía Prado, Justiniano.
_955134
245 1 0 _aViajes maravillosos
_b: volando sobre La Rioja /
_cJustiniano García Prado.
260 _a[Logroño :
_bOchoa,
_c1982]
300 _a131 p. :
_bmap., il. ;
_c24 cm.
852 _aES-MaACL
_jL-3342
_bR.104360
999 _c70214
_d70214